<?xml version="1.0" encoding="UTF-8"?>
<collection xmlns="http://www.loc.gov/MARC21/slim">
 <record>
  <leader>01800aam a22002538a 4500</leader>
  <controlfield tag="001">NCT_9093</controlfield>
  <controlfield tag="008">100525s2010                  ||||||viesd</controlfield>
  <datafield tag="999" ind1=" " ind2=" ">
   <subfield code="c">452</subfield>
   <subfield code="d">452</subfield>
  </datafield>
  <datafield tag="020" ind1=" " ind2=" ">
   <subfield code="c">40000</subfield>
  </datafield>
  <datafield tag="082" ind1="0" ind2="4">
   <subfield code="2">23rd ed.</subfield>
   <subfield code="a">613.28</subfield>
   <subfield code="b">H406</subfield>
  </datafield>
  <datafield tag="100" ind1="1" ind2=" ">
   <subfield code="a">Phạm Văn Hoan</subfield>
  </datafield>
  <datafield tag="245" ind1="1" ind2="0">
   <subfield code="a">Ăn uống theo nhu cầu dinh dưỡng của bà mẹ và trẻ em Việt Nam :</subfield>
   <subfield code="b">Sách tư vấn dinh dưỡng cho cộng đồng</subfield>
   <subfield code="c">Phạm Văn Hoan, Lê Bạch Mai</subfield>
  </datafield>
  <datafield tag="260" ind1=" " ind2=" ">
   <subfield code="a">H.</subfield>
   <subfield code="b">Y học</subfield>
   <subfield code="c">2010</subfield>
  </datafield>
  <datafield tag="300" ind1=" " ind2=" ">
   <subfield code="a">132tr.</subfield>
   <subfield code="b">sơ đồ, bảng</subfield>
   <subfield code="c">21cm</subfield>
  </datafield>
  <datafield tag="520" ind1="3" ind2=" ">
   <subfield code="a">Giới thiệu các định nghĩa và cơ sở khoa học về dinh dưỡng. Xác định nhu cầu dinh dưỡng khuyến nghị cho bà mẹ và trẻ em Việt Nam. Dinh dưỡng và chăm sóc hợp lí để bảo vệ, nâng cao sức khoẻ bà mẹ và tăng trưởng trẻ em Việt Nam</subfield>
  </datafield>
  <datafield tag="655" ind1=" " ind2=" ">
   <subfield code="a">Dược</subfield>
  </datafield>
  <datafield tag="700" ind1="1" ind2=" ">
   <subfield code="a">Lê Bạch Mai</subfield>
  </datafield>
  <datafield tag="942" ind1=" " ind2=" ">
   <subfield code="2">ddc</subfield>
   <subfield code="c">BK</subfield>
  </datafield>
  <datafield tag="952" ind1=" " ind2=" ">
   <subfield code="0">0</subfield>
   <subfield code="1">0</subfield>
   <subfield code="2">ddc</subfield>
   <subfield code="4">0</subfield>
   <subfield code="6">613_280000000000000_H406</subfield>
   <subfield code="7">0</subfield>
   <subfield code="9">2321</subfield>
   <subfield code="a">000001</subfield>
   <subfield code="b">000001</subfield>
   <subfield code="d">2017-10-27</subfield>
   <subfield code="o">613.28 H406</subfield>
   <subfield code="p">MD.06034</subfield>
   <subfield code="r">2017-10-27</subfield>
   <subfield code="v">40000.00</subfield>
   <subfield code="w">2017-10-27</subfield>
   <subfield code="y">BK</subfield>
  </datafield>
  <datafield tag="952" ind1=" " ind2=" ">
   <subfield code="0">0</subfield>
   <subfield code="1">0</subfield>
   <subfield code="2">ddc</subfield>
   <subfield code="4">0</subfield>
   <subfield code="6">613_280000000000000_H406</subfield>
   <subfield code="7">0</subfield>
   <subfield code="9">2322</subfield>
   <subfield code="a">000001</subfield>
   <subfield code="b">000001</subfield>
   <subfield code="d">2017-10-27</subfield>
   <subfield code="o">613.28 H406</subfield>
   <subfield code="p">MD.06035</subfield>
   <subfield code="r">2017-10-27</subfield>
   <subfield code="v">40000.00</subfield>
   <subfield code="w">2017-10-27</subfield>
   <subfield code="y">BK</subfield>
  </datafield>
  <datafield tag="952" ind1=" " ind2=" ">
   <subfield code="0">0</subfield>
   <subfield code="1">0</subfield>
   <subfield code="2">ddc</subfield>
   <subfield code="4">0</subfield>
   <subfield code="6">613_280000000000000_H406</subfield>
   <subfield code="7">0</subfield>
   <subfield code="9">2323</subfield>
   <subfield code="a">000001</subfield>
   <subfield code="b">000001</subfield>
   <subfield code="d">2017-10-27</subfield>
   <subfield code="o">613.28 H406</subfield>
   <subfield code="p">MD.06036</subfield>
   <subfield code="r">2017-10-27</subfield>
   <subfield code="v">40000.00</subfield>
   <subfield code="w">2017-10-27</subfield>
   <subfield code="y">BK</subfield>
  </datafield>
  <datafield tag="952" ind1=" " ind2=" ">
   <subfield code="0">0</subfield>
   <subfield code="1">0</subfield>
   <subfield code="2">ddc</subfield>
   <subfield code="4">0</subfield>
   <subfield code="6">613_280000000000000_H406</subfield>
   <subfield code="7">0</subfield>
   <subfield code="9">2324</subfield>
   <subfield code="a">000001</subfield>
   <subfield code="b">000001</subfield>
   <subfield code="d">2017-10-27</subfield>
   <subfield code="o">613.28 H406</subfield>
   <subfield code="p">MD.06037</subfield>
   <subfield code="r">2017-10-27</subfield>
   <subfield code="v">40000.00</subfield>
   <subfield code="w">2017-10-27</subfield>
   <subfield code="y">BK</subfield>
  </datafield>
  <datafield tag="952" ind1=" " ind2=" ">
   <subfield code="0">0</subfield>
   <subfield code="1">0</subfield>
   <subfield code="2">ddc</subfield>
   <subfield code="4">0</subfield>
   <subfield code="6">613_280000000000000_H406</subfield>
   <subfield code="7">0</subfield>
   <subfield code="9">7645</subfield>
   <subfield code="a">000001</subfield>
   <subfield code="b">000001</subfield>
   <subfield code="d">2018-04-26</subfield>
   <subfield code="o">613.28 H406</subfield>
   <subfield code="p">MD.10927</subfield>
   <subfield code="r">2018-04-26</subfield>
   <subfield code="v">40000.00</subfield>
   <subfield code="w">2018-04-26</subfield>
   <subfield code="y">BK</subfield>
  </datafield>
  <datafield tag="980" ind1=" " ind2=" ">
   <subfield code="a">Thư viện Trường Đại học Nam Cần Thơ</subfield>
  </datafield>
 </record>
</collection>
